Ало, ало! [видео DVD] (Запис номер 220730)
[ съкратено ]
| 000 -Лидер | |
|---|---|
| Контролно поле с фиксирана дължина | 00917ngm a2200325 a 4500 |
| 003 - Код на организацията, давaща контролен номер | |
| Контролно поле | BLK |
| 005 - Дата и час на последна редакция | |
| Контролно поле | 20240530111112.0 |
| 007 - Фиксирано поле за физическо описани | |
| fixed length control field! | m| caa|akaadaaaac |
| 008 - Елементи от данни с фиксирана дължина | |
| fixed length control field | 180410b bul||n||s|||||||| n|bulo| |
| 010 ## - Наследен системен номер | |
| LC control number | CDD00003200000 |
| 040 ## - Източник на каталожния запис | |
| Идентификатор на билиотеката - собственик на записа | BLK |
| 041 ## - Код за език | |
| Код за езика на текст/звукозапис или на отделно заглавие | Български |
| Код за езика КДБФ | Български |
| 080 ## - УДК | |
| Текстов определител УДК | Комедии |
| УДК код - определител по УДК | 791.221.2 |
| УДК - код + определител | 791.221.2 |
| 139 ## - Редно поле | |
| Редна дума | Ало, ало! [видео DVD] |
| Авторски знак | Ал - А 46 |
| 245 10 - Сведения за заглавието | |
| Заглавие | Ало, ало! [видео DVD] |
| Подзаглавни данни | Епизод 9 - 10 |
| 257 ## - Страна на издаване | |
| Страна на създаване/издаване | България |
| 260 ## - Област на издателските данни | |
| Име на издателя, разпространителя и проч. | Мултивижън |
| Година на издаване | 2008 |
| 300 ## - Физическа характеристика | |
| Страници | 62 мин. |
| Илюстрации и др. | цв. |
| Размери/Мащаб | 12 см |
| 380 ## - Жанр | |
| Жанр | Изкуство |
| 490 ## - СЕРИИ (Колекции) | |
| Име на серия | Любими комедийни филми |
| №: серия | 5 |
| 590 ## - Забележки на библиотеката, притежаваща документа (RLIN) | |
| Служебно | S.N: 84904 от КНИГИ |
| 852 ## - Местоположение | |
| Форматна сигнатура | Цб CD 4916 |
| Част | 0 |
| 856 4# - Електронен адрес и достъп | |
| Електронен формат | pdf - файл |
| Път до файла /url/ | |
| 856 4# - Електронен адрес и достъп | |
| Електронен формат | pdf - файл |
| Път до файла /url/ | |
| 942 ## - АРТИКУЛИ | |
| Вид на библиотечния материал | Компактдискове |
| Скрит в OPAC | Не |
| Периодичен библиозапис | Да |
| 944 ## - СЪЗДАВАНЕ И РЕДАКЦИЯ на ЗАПИСА | |
| Създаване/Редакция | Създаване |
| Дата на регистрацията/редакция | 19.08.2008 |
| Служител, извършил регистрацията/редакцията | 30570 |
| Статус, дата на статуса | Моника Янева |
| 944 ## - СЪЗДАВАНЕ И РЕДАКЦИЯ на ЗАПИСА | |
| Създаване/Редакция | Редакция |
| Дата на регистрацията/редакция | 19.08.2008 |
| 999 ## - СИСТЕМНИ КОНТРОЛНИ НОМЕРА | |
| Koha biblionumber | 220730 |
| Koha biblioitemnumber | 220730 |
| 999 ## - СИСТЕМНИ КОНТРОЛНИ НОМЕРА | |
| Koha biblioitemnumber | 220730 |
| 999 ## - СИСТЕМНИ КОНТРОЛНИ НОМЕРА | |
| Koha biblioitemnumber | 220730 |
| Код за отписване | Код за изгубен артикул | Източник на класификационната схема | Код за повреда | Коз за рестрикции | Код за отдаване | Артикулен № | Име на библиотеката - собственик | Име на библиотеката, в която се намира в момента | Статус (Текущо местоположение) | Дата на вписване в системата | Местоположение - отдел | Цена в лева | Инвентарен номер | Систематично азбучна сигнатура | Баркод | Номер на екземпляра | Цена в евро | Служебна бележка | Служебен тип на артикула |
|---|---|---|---|---|---|---|---|---|---|---|---|---|---|---|---|---|---|---|---|
| Не е изгубен | Universal Decimal Classification | Не е повреден | без рестрикции | заемане за дома | 392562 | Регионална библиотека "Любен Каравелов" Русе | Регионална библиотека "Любен Каравелов" Русе | Отдел Изкуство - подръчен фонд | 2008-08-19 | Отдел Изкуство - подръчен фонд | 1.00 | 250000003343 | 791.221.2/А 46 | 250000003343 | 1 | 0.51 | Дост: Pk Вид: Ф N: 240 Дата: 12.08.2008 | Компактдискове |